| 000 | 00610nam a22001937a 4500 | ||
|---|---|---|---|
| 005 | 20140310183635.0 | ||
| 008 | 131127b xxu||||| |||| 00| 0 eng d | ||
| 050 |
_aLB 1027.47 _b.B186 2010 |
||
| 100 | _aBalita, Dr. Carl E. | ||
| 245 |
_aDr. Carl E. Balita's Ultimate Learning Guide to LET review / _cDr. Carl E. Balita |
||
| 260 |
_aManila : _bUltimate Learning Series, _c2010. |
||
| 300 |
_a295 p. : _bill. ; _c16 cm. |
||
| 521 | _aEDU | ||
| 650 |
_aTeaching. _vPhilippines _xExaminations |
||
| 650 |
_aTeachers _vPhilippines _xCertification |
||
| 942 |
_2lcc _cBK _kLOC |
||
| 999 |
_c25711 _d25711 |
||